Memento práctico social 2010 (Record no. 174468)
[ view plain ]
| 000 -LEADER | |
|---|---|
| campo de control de longitud fija | 00874nam a2200265 i 4500 |
| 001 - NÚMERO DE CONTROL | |
| campo de control | 174468 |
| 003 - IDENTIFICADOR DE NÚMERO DE CONTROL | |
| campo de control | ES-MaACL |
| 005 - FECHA Y HORA DE LA ÚLTIMA TRANSACCIÓN | |
| campo de control | 20250809030232.0 |
| 008 - DATOS DE LONGITUD FIJA--INFORMACIÓN GENERAL | |
| campo de control de longitud fija | 100426s2010 sp l |||| | spa d |
| 020 ## - NÚMERO INTERNACIONAL ESTÁNDAR DEL LIBRO | |
| Número Internacional Estándar del Libro | 978-84-92612-54-3 |
| 080 ## - NÚMERO DE LA CLASIFICACIÓN DECIMAL UNIVERSAL | |
| Número de la Clasificación Decimal Universal | 349.3(460):369 |
| 080 ## - NÚMERO DE LA CLASIFICACIÓN DECIMAL UNIVERSAL | |
| Número de la Clasificación Decimal Universal | 369(460)(075.8) |
| 245 00 - MENCIÓN DEL TÍTULO | |
| Título | Memento práctico social 2010 |
| Resto del título | : derecho laboral, seguridad social. |
| 246 38 - FORMA VARIANTE DEL TITULO | |
| Título propio/Titulo breve | Memento social |
| Resto del título | : 2010 |
| 250 ## - MENCION DE EDICION | |
| Mención de edición | Act. a 17 de feb. de 2010. |
| 260 ## - PUBLICACIÓN, DISTRIBUCIÓN, ETC. | |
| Lugar de publicación, distribución, etc. | Madrid : |
| Nombre del editor, distribuidor, etc. | Francis Lefebvre, |
| Fecha de publicación, distribución, etc. | 2010. |
| 300 ## - DESCRIPCIÓN FÍSICA | |
| Extensión | 2014 p. ; |
| Dimensiones | 24 cm. |
| 500 ## - NOTA GENERAL | |
| Nota general | Índices. |
| 650 14 - PUNTO DE ACCESO ADICIONAL DE MATERIA--TÉRMINO DE MATERIA | |
| Término de materia o nombre geográfico como elemento de entrada | Derecho laboral- |
| Subdivisión geográfica | España |
| 9 (RLIN) | 11726 |
| 650 #4 - PUNTO DE ACCESO ADICIONAL DE MATERIA--TÉRMINO DE MATERIA | |
| Término de materia o nombre geográfico como elemento de entrada | Derecho de la seguridad social- |
| Subdivisión geográfica | España |
| 9 (RLIN) | 11696 |
| 710 2# - ENTRADA AGREGADA--NOMBRE DE ENTIDAD CORPORATIVA | |
| Nombre de entidad corporativa o nombre de jurisdicción como elemento de entrada | Ediciones Francis Lefebvre. |
| 9 (RLIN) | 158696 |
| 852 4# - LOCALIZACIÓN | |
| Ubicación | BA |
| Número de control de estantería | A-15285 |
| itemnumber | 181188 |
| Ubicación en estantería | Depósito 1 |
| Signatura antigua | Olim: L 349.3 "2010" mem |
| -- | Olim: Meseton |
| 942 ## - ELEMENTOS DE ENTRADA SECUNDARIOS (KOHA) | |
| Fuente del sistema de clasificación o colocación | Clasificación decimal universal |
| Estatus retirado | Estado de pérdida | Fuente del sistema de clasificación o colocación | Estado de daño | No para préstamo | Biblioteca de origen | Biblioteca actual | Ubicación en estantería | Fecha de adquisición | Total de préstamos | Signatura topográfica completa | Código de barras | Visto por última vez | Precio de reemplazo | Tipo de ítem Koha |
|---|---|---|---|---|---|---|---|---|---|---|---|---|---|---|
| Clasificación decimal universal | Biblioteca del Ateneo de Madrid | Biblioteca del Ateneo de Madrid | Depósito 1 | 26/04/2010 | A-15285 | 1183149 | 23/02/2023 | 23/02/2023 | Libro impreso |
